Benefits in hand (Record no. 75944)

MARC details
000 -LEADER
fixed length control field 00722cab a2200181 4500
001 - CONTROL NUMBER
control field ##L131106
008 - FIXED-LENGTH DATA ELEMENTS--GENERAL INFORMATION
fixed length control field 050929n2005 000 0 eng u
035 ## - SYSTEM CONTROL NUMBER
System control number (Sirsi) u131106
041 0# - LANGUAGE CODE
Language code of text/sound track or separate title eng
100 1# - MAIN ENTRY--PERSONAL NAME
Personal name Hastings, Paddy
245 ## - TITLE STATEMENT
Title Benefits in hand
260 ## - PUBLICATION, DISTRIBUTION, ETC.
Date of publication, distribution, etc. 2005
490 ## - SERIES STATEMENT
Series statement Premises and Facilities Management
Volume/sequential designation September 2005, 58-59(2)
520 ## - SUMMARY, ETC.
Summary, etc. Outlines the findings of a BSRIA pilot study into the use of portable hand held devices for condition surveys. Benefits reported included the ability to use standardised survey checklists, increased efficiency, and better communication, monitoring and reporting.
590 ## - LOCAL NOTE (RLIN)
Local note IKA111005
690 ## - LOCAL SUBJECT ADDED ENTRY--TOPICAL TERM (OCLC, RLIN)
Topical term or geographic name as entry element BUILT ENVIRONMENT-BUILDING INSPECTION
942 ## - ADDED ENTRY ELEMENTS (KOHA)
Suppress in OPAC 0
Holdings
Withdrawn status Lost status Source of classification or shelving scheme Damaged status Not for loan Home library Current library Shelving location Date acquired Total Checkouts Full call number Barcode Date last seen Copy number Price effective from Koha item type
    Dewey Decimal Classification     London London Journal article 29/09/2005   L131106 131106-1001 06/08/2019 1 06/08/2019 Journal article